Представление документа в формате RUSMARC

ПолеНазваниеЗначение
  Тип записи a
  Библиографический уровень m
001 Контрольный номер RU/SLIB/B/208729785
005 Дата корректировки 20241118162932.6
010 Индекс ISBN __
d Цена 0-10
101 Язык документа 0_
a Язык текста rus
200 Заглавие и сведения об ответственности 1_
a Заглавие ЕНиР. Единые нормы и расценки на строительные, монтажные и ремонтно-строительные работы
e Сведения, относящиеся к заглавию сб. Е 8
f Первые сведения об ответственности Госстрой СССР
b Общее обозначение материала Текст
h Номер части Вып. 2
i Наименование части Отделочные покрытия строительных конструкций. Облицовка природным камнем
210 Выходные данные 1_
a Место издания М.
c Издательство Прейскурантиздат
d Дата издания 1987
215 Физическое описание __
a Объем 40 с.
606 Тематические рубрики __
a Основная рубрика Экономика строительства
606 Тематические рубрики __
a Основная рубрика Экономика
610 Ключевые слова 0_
a Ключевые слова отделочные работы; строительные конструкции
686 Индексы других классификаций __
a Классификационный индекс 65.31-64
686 Индексы других классификаций __
a Классификационный индекс 38.654.3; ст65.3+ст38
801 Источник записи _0
a Страна RU
b Организация Муниципальное бюджетное учреждение культуры "Централизованная библиотечная система" г. Сургут (Центральная городская библиотека им. А. С. Пушкина)
g Правила каталогизации КиК/Лебедева
801 Источник записи _1
a Страна RU
b Организация Муниципальное бюджетное учреждение культуры "Централизованная библиотечная система" г. Сургут (Центральная городская библиотека им. А. С. Пушкина)
g Правила каталогизации КиК/Лебедева
852 Данные о местонахождении __
j Шифр хранения 65.31-64
c Каталожный индекс 65.31-6; 38.654.3
i Авторский знак Е 63
p Инвентарный номер Б/Н
901 Тип документа __
t Тип документа m
990 Данные о заказе (DOS) __
j Количество экземпляров (DOS) 1
h N записи в КСУ для Б/У (DOS) 199301